|
|
|
|
| LEADER |
00000nta a2200000 i 4500 |
| 001 |
dolg15217 |
| 005 |
20180724122127.0 |
| 008 |
180503suuuu hu om 000 hun d |
| 040 |
|
|
|a BGE Dolgozattár Repozitórium
|b hun
|
| 041 |
|
|
|a hu
|
| 100 |
1 |
|
|a Könye Rita
|
| 245 |
1 |
3 |
|a Az időskorúak szabadidő-eltöltési szokásai Magyarországon
|c Könye Rita
|h [elektronikus dokumentum]
|
| 246 |
1 |
1 |
|a Az időskorúak szabadidő-eltöltési szokásai Magyarországon
|
| 695 |
|
|
|a időskorúak
|
| 695 |
|
|
|a szabadidő-eltöltés
|
| 700 |
1 |
|
|a Bártfai Endre
|e ths
|
| 856 |
4 |
0 |
|u http://dolgozattar.uni-bge.hu/15217/1/Az%20id%C5%91skor%C3%BAak%20szabadid%C5%91-elt%C3%B6lt%C3%A9si%20szok%C3%A1sai%20Magyarorsz%C3%A1gon.pdf
|z Dokumentum-elérés
|